[Event "FIN-chT1B 1718"]
[Site "Finland"]
[Date "2018.02.03"]
[Round "6.4"]
[White "Raivio, Pertti"]
[Black "Rajakari, Janne"]
[Result "1/2-1/2"]
[WhiteElo "1906"]
[BlackElo "1977"]
[PlyCount "146"]
[EventDate "2017.09.16"]
[EventType "team-tourn"]
[EventRounds "7"]
[EventCountry "FIN"]
[SourceTitle "EXT 2020"]
[Source "ChessBase"]
[SourceDate "2019.10.17"]
[SourceVersion "1"]
[SourceVersionDate "2019.10.17"]
[SourceQuality "1"]
[WhiteTeam "Espoo ESK"]
[BlackTeam "Vantaa EtVaS II"]
[WhiteTeamCountry "FIN"]
[BlackTeamCountry "FIN"]

1. e4 c6 2. d4 d5 3. e5 c5 4. c3 Nc6 5. Bb5 e6 6. Nf3 Bd7 7. Bxc6 bxc6 8. 0-0 cxd4 9. cxd4 c5 10. Nc3 Ne7 11. Bg5 Qc7 12. Bxe7 Bxe7 13. Rc1 0-0 14. Re1 Rab8 15. Qc2 Qb7 16. b3 Rfc8 17. Qd3 c4 18. bxc4 Rxc4 19. Rb1 Rb4 20. Rxb4 Bxb4 21. Rb1 Qc7 22. Ne2 Bb5 23. Qd1 Qa5 24. Nc1 Bc4 25. Qc2 h6 26. Nb3 Qa6 27. Qb2 Ba3 28. Qd2 Rb6 29. Ne1 Bb4 30. Qc2 Bxb3 31. axb3 Rc6 32. Qd1 Qc8 33. Nf3 Rc2 34. h3 a5 35. Kf1 Qc3 36. Kg1 Qc6 37. Kf1 Qb5+ 38. Kg1 Rc3 39. Rc1 Rxc1 40. Qxc1 Qd3 41. Qc8+ Kh7 42. Qd7 Qb1+ 43. Kh2 Qf5 44. Qa4 g5 45. Qa2 h5 46. Kg1 g4 47. hxg4 hxg4 48. Nh2 Bc3 49. Qe2 Qb1+ 50. Nf1 Qe4 51. Ne3 Bxd4 52. Qxg4 Qxe5 53. Qh4+ Kg8 54. Ng4 Qe4 55. Qg3 Qb1+ 56. Kh2 Qg6 57. Kg1 Kg7 58. Qf3 f5 59. Ne3 Qf6 60. Qg3+ Kh6 61. Qf4+ Kg6 62. Nc2 Be5 63. Qa4 Qd8 64. Qc6 Kf6 65. Qa4 Qc7 66. Qh4+ Kf7 67. Qh7+ Ke8 68. Qg8+ Kd7 69. Qf7+ Kd6 70. Qf8+ Kc6 71. Qe8+ Kd6 72. Qf8+ Kc6 73. Qe8+ Kd6 1/2-1/2

[Event "FIN-chT1B 1718"]
[Site "Finland"]
[Date "2018.01.13"]
[Round "5.4"]
[White "Kauppala, Pekka"]
[Black "Raivio, Pertti"]
[Result "1-0"]
[WhiteElo "2054"]
[BlackElo "1906"]
[PlyCount "37"]
[EventDate "2017.09.16"]
[EventType "team-tourn"]
[EventRounds "7"]
[EventCountry "FIN"]
[SourceTitle "EXT 2020"]
[Source "ChessBase"]
[SourceDate "2019.10.17"]
[SourceVersion "1"]
[SourceVersionDate "2019.10.17"]
[SourceQuality "1"]
[WhiteTeam "Helsinki LauttSK"]
[BlackTeam "Espoo ESK"]
[WhiteTeamCountry "FIN"]
[BlackTeamCountry "FIN"]

1. e4 c5 2. Nf3 d6 3. d4 cxd4 4. Qxd4 Nc6 5. Bb5 Bd7 6. Bxc6 Bxc6 7. Nc3 e5 8. Qc4 Nf6 9. Bg5 Be7 10. 0-0-0 Qb6 11. Bxf6 gxf6 12. Nh4 Qxf2 13. Nf5 Qc5 14. Qd3 Rd8 15. Qh3 Bd7 16. Ng7+ Kf8 17. Qh6 Rc8 18. Ne6+ Ke8 19. Nxc5 1-0